Statistics for Countries That Produce The Most Meat

Click here to take the quiz!

General Stats

  • This quiz has been taken 39 times
  • The average score is 14 of 15

Answer Stats

Tons of MeatCountry% Correct
6,152,519Argentina
97%
29,497,016Brazil
97%
90,737,304China
97%
5,363,326France
97%
7,632,081Germany
97%
10,888,240India
97%
48,876,684United States
97%
7,692,412Mexico
95%
11,346,122Russia
95%
7,649,473Spain
95%
5,335,358Canada
89%
4,790,545Indonesia
84%
4,983,083Pakistan
84%
5,076,195Poland
81%
4,689,921Vietnam
54%

Score Distribution

Percentile by Number Answered

Percent of People with Each Score

Your Score History

You have not taken this quiz